| 000 | 00373nam a2200145Ia 4500 | ||
|---|---|---|---|
| 005 | 20251222143122.0 | ||
| 008 | 251222s9999||||xx |||||||||||||| ||spa|| | ||
| 020 | _a978-9972-38-468-4 | ||
| 082 | _a001.420.4/R24 | ||
| 100 | _aRamos Suyo, Juan Abraham | ||
| 245 | 0 | _aElabore su tesis en derecho: Pre y postgrado | |
| 250 | _a2a.ed. | ||
| 264 | _bSan Marcos | ||
| 942 | _cLIB | ||
| 999 |
_c11587 _d11587 |
||